Castellano i /

Guardado en:
Autor Principal: Goldsack Guiñazu, Alfredo
Formato: Libro
Publicado: Argentina : Kapelusz, 1955
Edición:6a. ed.
Materias:
Etiquetas: Agregar Etiqueta
Sin Etiquetas, Sea el primero en etiquetar este registro!
LEADER 00477nam a22001695a 4500
001 CEM.cems002951
005 19000101000000.0
008 130507s1955##################000#0#####d
003 CEMS
082 0 4 |a 468 
100 1 |a Goldsack Guiñazu, Alfredo 
245 1 0 |a Castellano i /  |c Alfredo Goldsack Guiñazu 
250 |a 6a. ed. 
260 |a Argentina :  |b Kapelusz,  |c 1955 
300 |a 314 p. 
653 |a Lengua y literatura 
859 |a CEMS  |b BIB. CEMS - 11 de abril  |h 468  |i G572a6/I  |p 1389.74  |t Ej.1